|
|
|
|
| LEADER |
01513nam a2200385 a 4500 |
| 001 |
EBC3327139 |
| 003 |
MiAaPQ |
| 005 |
20200520144314.0 |
| 006 |
m o d | |
| 007 |
cr cn||||||||| |
| 008 |
091014s2008 ne a sb 000 0 eng d |
| 020 |
|
|
|z 9789087280437
|
| 020 |
|
|
|z 9789048506002
|
| 035 |
|
|
|a (MiAaPQ)EBC3327139
|
| 035 |
|
|
|a (Au-PeEL)EBL3327139
|
| 035 |
|
|
|a (CaPaEBR)ebr10302814
|
| 035 |
|
|
|a (CaONFJC)MIL178785
|
| 035 |
|
|
|a (OCoLC)476251339
|
| 040 |
|
|
|a MiAaPQ
|c MiAaPQ
|d MiAaPQ
|
| 043 |
|
|
|a d------
|
| 050 |
|
4 |
|a HC59.72.E5
|b R66 2008
|
| 100 |
1 |
|
|a Rooij, Benjamin van,
|d 1973-
|
| 245 |
1 |
0 |
|a Pollution regulation in development
|h [electronic resource] :
|b system design, compliance and enforcement /
|c Benjamin van Rooij.
|
| 260 |
|
|
|a Leiden :
|b Leiden University Press,
|c c2008.
|
| 300 |
|
|
|a 31 p. :
|b ill.
|
| 490 |
1 |
|
|a Law, governance, and development
|
| 504 |
|
|
|a Includes bibliographical references.
|
| 533 |
|
|
|a Electronic reproduction. Ann Arbor, MI : ProQuest, 2015. Available via World Wide Web. Access may be limited to ProQuest affiliated libraries.
|
| 650 |
|
0 |
|a Environmental policy
|z Developing countries.
|
| 650 |
|
0 |
|a Pollution
|x Government policy
|z Developing countries.
|
| 650 |
|
0 |
|a Pollution
|x Law and legislation
|z Developing countries.
|
| 655 |
|
4 |
|a Electronic books.
|
| 710 |
2 |
|
|a ProQuest (Firm)
|
| 830 |
|
0 |
|a Law, governance, and development.
|p Research.
|
| 856 |
4 |
0 |
|u https://ebookcentral.proquest.com/lib/matrademy/detail.action?docID=3327139
|z Click to View
|